| 000 | 00398 a2200145 4500 | ||
|---|---|---|---|
| 020 | _a0006168086 | ||
| 040 |
_aDLC _bDLC |
||
| 082 | _a823.912 | ||
| 100 | _aChristie, Agatha. | ||
| 245 |
_aDumb Witness _cChristie, Agatha |
||
| 260 |
_aLondon: _bHarper Collins Publishers, _c1937. |
||
| 300 |
_a251 p. ; _c 19 cm. |
||
| 650 | _a Poirot, Hercule (Fictitious character) --Fiction | ||
| 942 |
_cBK _2ddc |
||
| 999 |
_c481861 _d481861 |
||